Towards the solution of the Armenian question / (Record no. 220754)
[ view plain ]
| 000 -LEADER | |
|---|---|
| fixed length control field | 00803nam a2200229 a 4500 |
| 001 - CONTROL NUMBER | |
| control field | 000564030 |
| 003 - CONTROL NUMBER IDENTIFIER | |
| control field | AM-YeHGA |
| 005 - DATE AND TIME OF LATEST TRANSACTION | |
| control field | 20250618073301.0 |
| 008 - FIXED-LENGTH DATA ELEMENTS--GENERAL INFORMATION | |
| fixed length control field | 080118s2007 ai |||||r|||||||||0|eng|d |
| 040 ## - CATALOGING SOURCE | |
| Original cataloging agency | AM-YeHGA |
| 041 0# - LANGUAGE CODE | |
| Language code of text/sound track or separate title | eng |
| 090 ## - LOCALLY ASSIGNED LC-TYPE CALL NUMBER (OCLC); LOCAL CALL NUMBER (RLIN) | |
| -- | 222285 |
| 100 1# - MAIN ENTRY--PERSONAL NAME | |
| Personal name | Ադոնց, Նիկողայոս Գևորգի |
| Dates associated with a name | 1871-1942 |
| 9 (RLIN) | 9379 |
| 245 10 - TITLE STATEMENT | |
| Title | Towards the solution of the Armenian question / |
| Statement of responsibility, etc. | Nikolay Adonz. |
| 260 ## - PUBLICATION, DISTRIBUTION, ETC. | |
| Place of publication, distribution, etc. | Yerevan : |
| Name of publisher, distributor, etc. | S. n., |
| Date of publication, distribution, etc. | 2007. |
| 300 ## - PHYSICAL DESCRIPTION | |
| Extent | x, 95 p. |
| 500 ## - GENERAL NOTE | |
| General note | This was made possible by the "Armen and Bersabe Jerejian Foundation", Inc., USA |
| 650 14 - SUBJECT ADDED ENTRY--TOPICAL TERM | |
| Topical term or geographic name entry element | Հայկական հարց |
| 9 (RLIN) | 4470 |
| 650 10 - SUBJECT ADDED ENTRY--TOPICAL TERM | |
| Topical term or geographic name entry element | Համաշխարհային պատերազմ, 1914-1918 |
| General subdivision | Territorial questions |
| Geographic subdivision | Armenia |
| 651 #4 - SUBJECT ADDED ENTRY--GEOGRAPHIC NAME | |
| Geographic name | Հայաստան |
| General subdivision | Պատմություն |
| 942 ## - ADDED ENTRY ELEMENTS (KOHA) | |
| Source of classification or shelving scheme | Universal Decimal Classification |
| Koha item type | Գրքեր / Books |
| Withdrawn status | Lost status | Damaged status | Not for loan | Collection | Home library | Current library | Date acquired | Cost, normal purchase price | Shelving control number | Total checkouts | Full call number | Barcode | Date last seen | Price effective from | Koha item type | Public note |
|---|---|---|---|---|---|---|---|---|---|---|---|---|---|---|---|---|
| General | Fundamental Scientific Library | Fundamental Scientific Library | 28/12/2016 | 1000.00 | И II/113788 | 320113788 | 28/12/2016 | 28/12/2016 | Գրքեր / Books | 30 Days Loan | ||||||
| General | Fundamental Scientific Library | Fundamental Scientific Library | 28/12/2016 | 1000.00 | И II/113789 | 320113789 | 28/12/2016 | 28/12/2016 | Գրքեր / Books | 30 Days Loan |
ՀՀ Գիտությունների ազգային ակադեմիայի հիմնարար գիտական գրադարան = Fundamental Scientific Library of NAS RA
All site content, except where otherwise noted, is licensed under a